Algo sobre dibujo y color /

Kaydedildi:
Detaylı Bibliyografya
Yazar: Iglesis Guillard, Jorge (autor)
Diğer Yazarlar: Agraz, Ricardo (autor) (autor), Donoso Fernández, Mariana (autor) (autor)
Materyal Türü: Kitap
Dil:İspanyolca
Seri Bilgileri:(Diseño Arquitectónico)
Konular:
Etiketler: Etiketle
Etiket eklenmemiş, İlk siz ekleyin!

MARC

LEADER 00000nam^a2200000^a^4500
001 000184873
005 20250521000000.0
009 20260310102130.42
037 |a Acervo ITESO - Biblioteca 
041 |a ESP 
082 |a 720. 284  |b IGL 
100 |a Iglesis Guillard, Jorge  |e (autor) 
245 1 0 |a Algo sobre dibujo y color /  |c J. Iglesis Guillard, R. Agraz, M. Donoso Fernández. 
264 |a Santiago, Chile :  |b Universidad de Chile, Facultad de Arquitectura y Urbanismo, Departamento de Diseño Arquitectónico,  |c 1994 
336 |a texto  |b txt  |2 rdacontenido 
337 |a sin mediación  |b n  |2 rdamedio 
338 |a volumen  |b nc  |2 rdasoporte 
440 1 |a (Diseño Arquitectónico) 
649 |a XX 
650 |a Dibujo Arquitectónico -  |x Tema Principal 
650 |a Dibujo Técnico 
650 |a Dibujo -  |x Materiales y Equipo 
650 |a Diseño Arquitectónico 
650 |a Representación Arquitectónica 
650 |a Arquitectura -  |x Técnica 
650 |a Arte -  |x Técnica 
700 |a Agraz, Ricardo  |e (autor) 
700 |a Donoso Fernández, Mariana  |e (autor) 
910 |a Fondo Julio de la Peña Lomelín 
920 |a Impresos - Libros 
930 |a Arquitectos Jaliscienses 
905 |a 115 
901 |a 0500125872  |b IT1  |c JAL  |u 20250521 
902 |a https://opac.biblio.iteso.mx/vufind/Record/000184873